[Event "AUTO-INT-3956"]
[Site "http://www.queenalice.com/game.php?id=1867677"]
[Date "2026.1.7"]
[Round "1"]
[White "ajr"]
[Black "tche_elvio"]
[Result "1-0"]
[WhiteElo "1603"]
[BlackElo "1632"]

1. d4 Nf6 2. Nc3 g6 3. e4 d6 4. h3 Bg7 5. Nf3 c6 6. Bg5 O-O 7. Bc4 b5 8. Bd3 e5
9. dxe5 dxe5 10. Nxe5 Be6 11. g3 Qc7 12. f4 Nbd7 13. Nxd7 Qxd7 14. Bxf6 Bxf6 15.
e5 Bg7 16. Kf2 Qd4+ 17. Ke2 f6 18. Be4 Bc4+ 19. Kf3 Qb6 20. b3 fxe5 21. bxc4
exf4 22. Qd2 fxg3+ 23. Kxg3 Be5+ 24. Kg2 Bxc3 25. Qe2 Bxa1 26. Rxa1 Rf2+ 27.
Qxf2 Qxf2+ 28. Kxf2 Rf8+ 29. Ke2 bxc4 30. Bxc6 Rf6 31. Bd5+ Kg7 32. Bxc4 h5 33.
Rf1 Rxf1 34. Kxf1 g5 35. Be2 h4 36. c4 Kf6 37. c5 Ke6 38. c6 Kd6 39. Bf3 a5 40.
Ke2 Kc7 41. Kd3 a4 42. Kc4 Kb6 43. a3 g4 44. hxg4 h3 45. g5 1-0